000 00386nam a2200157Ia 4500
005 20240807062215.0
008 240806s9999||||xx |||||||||||||| ||eng||
041 _aeng
082 _a709.54
_bAGRS
100 _aAgrawal V.S.
245 0 _aStudies in indian act. /
_cAgrawal V.S.
260 _bV.Vidhyalay Prakashan Varanashi
300 _a288
650 _aAnc. History
942 _cBK
999 _c11740
_d11740